00585 2200193 4500001002100000005001700021008004100038020001800079035002400097082001100121090002400132100001700156245009500173260003100268300003200299650002300331700001600354999002100370YOGYA-0411000000009020110404093919.0 ind  a979-672-842-7 0010-041100000000090 a028.55 a028.55bAmocFlDEP aAMOS, Janine aFair : two stories seen from two points of view/by Janine Amos ; ilustrated by Gwen Green. aYogyakartabKanisiusc2001 a32 hlm.bilus.c20 x 21 cm. aBacaan kanak-kanak aGreen, Gwen aCB-D.11 2001-115